| 000 | 00764nam a2200241Ia 4500 | ||
|---|---|---|---|
| 003 | GCL | ||
| 008 | 140319s9999 xx 000 0 ara d | ||
| 040 |
_aGCL / _cGCL |
||
| 082 | 0 | 4 |
_a321.02 _bا ت |
| 100 | 1 | _aالسيد عبدالمطلب غانم | |
| 245 | 1 | 0 |
_aالنظم المحلية فى الدول الاسكندنانية / _cالسيد عبدالمطلب غانم |
| 260 |
_a[S.N] : _bمركز البحوث والدراسات السياسية ، _c1988 |
||
| 300 | _a164 ص | ||
| 490 | _a | ||
| 650 | 0 | 4 | _aالاحوال السياسية |
| 650 | 0 | 4 | _aالادارة المحلية |
| 650 | 0 | 4 | _aالدنمارك |
| 650 | 0 | 4 | _aالسويد |
| 650 | 0 | 4 | _aفنلندا |
| 650 | 0 | 4 | _aالنرويج |
| 650 | 0 | 4 | _aاوربا |
| 942 |
_2ddc _cBK |
||
| 999 |
_c32370 _d32370 |
||